| 000 | 01040nam a22003377a 4500 | ||
|---|---|---|---|
| 003 | CHAP | ||
| 005 | 20220817044024.0 | ||
| 008 | 050429s1988 mx r 00010 spa d | ||
| 010 | _a90211 | ||
| 011 | _a91183 | ||
| 020 | _a96823147112 | ||
| 035 | _a101741 | ||
| 040 | _cCHAP | ||
| 082 | 0 | 4 |
_a338.0183 _bP4 |
| 100 | 0 | 0 |
_aPerzabal, Carlos. _987347 |
| 245 | 1 | 0 |
_aAcumulación de capital e industrialización compleja en México _c/por Carlos Perzabal |
| 260 |
_aMéxico : Siglo XXI _c1988 |
||
| 300 |
_a168 p. : _bcuadros |
||
| 590 |
_aBATCH-UPD _b10 _c20130110 _lUCH01 _h0401 |
||
| 590 |
_aBATCH-UPD _b10 _c20130410 _lUCH01 _h0034 |
||
| 590 |
_aBATCH-UPD _b10 _c20130914 _lUCH01 _h0842 |
||
| 590 |
_aCONVERSION _b10 _c20130109 _lUCH01 _h1350 |
||
| 650 | 1 | 4 |
_aCapital. _918709 |
| 650 | 1 | 4 | _aDesarrollo económico. |
| 650 | 1 | 4 |
_aIndustria _xMéxico. _957751 |
| 650 | 1 | 4 |
_aIndustrialización. _957923 |
| 901 | _aBK | ||
| 905 | _aElisama A.H. | ||
| 942 | _cLIBRO | ||
| 949 |
_a338.0183 P4 _bBC _cLIBRO _d33724000948493 _eLIBRO _h104823 _i101741 _sb |
||
| 999 |
_c90211 _d90211 |
||